Normal view
MARC view
Entry Personal Name
001 - CONTROL NUMBER
- control field: 47254
003 - CONTROL NUMBER IDENTIFIER
- control field: dpl
005 - DATE AND TIME OF LATEST TRANSACTION
- control field: 20120517114639.0
008 - FIXED-LENGTH DATA ELEMENTS
- fixed length control field: 120517|||a|||||| | ||| d
040 ## - CATALOGING SOURCE
- Original cataloging agency: dpl
- Transcribing agency: dpl
100 ## - HEADING--PERSONAL NAME
- Personal name: Nadvī, Abulḥasan ʻAlī, |x Contemporaries.
- Dates associated with a name: 1913-
670 ## - SOURCE DATA FOUND
- Source citation: Work cat.: (dpl): Choughley, Abdul Kader 47159, Islamic resurgence : , 2011
670 ## - SOURCE DATA FOUND
- Source citation: Work cat.: (dpl): Choughley, Abdul Kader 47159, Islamic resurgence : , 2011
